Amutak katampam. (Record no. 83236)

MARC details
000 -LEADER
fixed length control field 00568cam a22002411 4500
001 - CONTROL NUMBER
control field sa 68009908
003 - CONTROL NUMBER IDENTIFIER
control field DLC
005 - DATE AND TIME OF LATEST TRANSACTION
control field 20260227112548.0
008 - FIXED-LENGTH DATA ELEMENTS--GENERAL INFORMATION
fixed length control field 950207m19649999ii 000 1 tamo
010 ## - LIBRARY OF CONGRESS CONTROL NUMBER
LC control number sa 68009908
025 ## - OVERSEAS ACQUISITION NUMBER
Overseas acquisition number PL480:I-T-2360
035 ## - SYSTEM CONTROL NUMBER
System control number (OCoLC)31950821
040 ## - CATALOGING SOURCE
Original cataloging agency DLC
Transcribing agency CU
Modifying agency CU
-- DLC
042 ## - AUTHENTICATION CODE
Authentication code premarc
050 00 - LIBRARY OF CONGRESS CALL NUMBER
Classification number PL4758.8
Item number .S9
100 1# - MAIN ENTRY--PERSONAL NAME
Personal name Svāmināthan, J.
245 10 - TITLE STATEMENT
Title Amutak katampam.
260 ## - PUBLICATION, DISTRIBUTION, ETC.
Date of publication, distribution, etc. [1964-
300 ## - PHYSICAL DESCRIPTION
Extent v.
Dimensions 22 cm.
490 0# - SERIES STATEMENT
Series statement Amutam ;
Volume/sequential designation 229
500 ## - GENERAL NOTE
General note In Tamil.
650 #0 - SUBJECT ADDED ENTRY--TOPICAL TERM
Topical term or geographic name entry element Short stories, Tamil.

No items available.

Powered by Koha